[Event "European Rapid Championship 2021"]
[Site "Katowice"]
[Date "2021.12.19"]
[Round "11.14"]
[White "Kjartansson, Gudmundur"]
[Black "Semjonovs, Ilja"]
[Result "0-1"]
[WhiteElo "2402"]
[BlackElo "2383"]
[Annotator "NA"]
[PlyCount "72"]
[EventDate "2021.12.18"]
[EventType "swiss"]
[EventCountry "POL"]
[SourceTitle "playchess.com"]
[Source "ChessBase"]
[SourceQuality "1"]
[TimeControl "900+10"]

1. c4 {[%emt 0:00:01]} e5 {[%emt 0:00:01]} 2. d3 {[%emt 0:00:02]} Nf6 {[%emt 0:
00:06]} 3. Nf3 {[%emt 0:00:02]} Nc6 {[%emt 0:00:02]} 4. a3 {[%emt 0:00:01]} a5
{[%emt 0:01:29]} 5. b3 {[%emt 0:00:16]} d6 {[%emt 0:00:59]} 6. e3 {[%emt 0:00:
34]} g6 {[%emt 0:00:08]} 7. Be2 {[%emt 0:00:04]} Bg7 {[%emt 0:00:04]} 8. Bb2 {
[%emt 0:00:01]} O-O {[%emt 0:00:28]} 9. O-O {[%emt 0:00:03]} h6 {[%emt 0:00:23]
} 10. Nc3 {[%emt 0:00:27]} Be6 {[%emt 0:02:28]} 11. Rc1 {[%emt 0:02:00]} Qe7 {
[%emt 0:00:45]} 12. Re1 {[%emt 0:00:41]} Rad8 {[%emt 0:00:22]} 13. e4 {[%emt 0:
02:16]} Qd7 {[%emt 0:06:10]} 14. Nd5 {[%emt 0:00:20]} Ne7 {[%emt 0:00:57]} 15.
Nxf6+ {[%emt 0:00:35]} Bxf6 {[%emt 0:00:03]} 16. Qd2 {[%emt 0:00:03]} Bg7 {
[%emt 0:01:21]} 17. Qxa5 {[%emt 0:00:03]} c5 {[%emt 0:00:01]} 18. Nd2 {[%emt 0:
01:29]} Nc6 {[%emt 0:00:47]} 19. Qb6 {[%emt 0:02:14]} Ra8 {[%emt 0:00:45]} 20.
b4 {[%emt 0:00:04]} cxb4 {[%emt 0:00:36]} 21. axb4 {[%emt 0:00:02]} Ra6 {
[%emt 0:00:01]} 22. Qb5 {[%emt 0:01:18]} Qc7 {[%emt 0:00:01]} 23. c5 {[%emt 0:
00:03]} Na7 {[%emt 0:00:01]} 24. Qxa6 {[%emt 0:02:29]} bxa6 {[%emt 0:00:02]}
25. d4 {[%emt 0:00:16]} exd4 {[%emt 0:00:10]} 26. Bxa6 {[%emt 0:00:01]} dxc5 {
[%emt 0:00:07]} 27. bxc5 Nc6 {[%emt 0:00:08]} 28. Bc4 {[%emt 0:00:17]} Bxc4 {
[%emt 0:00:06]} 29. Nxc4 {[%emt 0:00:01]} Ne5 {[%emt 0:00:02]} 30. Nxe5 {
[%emt 0:00:14]} Bxe5 {[%emt 0:00:02]} 31. g3 {[%emt 0:00:17]} d3 {[%emt 0:00:
01]} 32. Bxe5 {[%emt 0:00:02]} Qxe5 {[%emt 0:00:01]} 33. Red1 {[%emt 0:00:01]}
Qxe4 {[%emt 0:00:08]} 34. c6 {[%emt 0:00:01]} Rc8 {[%emt 0:00:15]} 35. c7 {
[%emt 0:00:19]} Qe2 {[%emt 0:00:17]} 36. Re1 {[%emt 0:00:39]} d2 {[%emt 0:00:
07]} 0-1

[Event "European Rapid Championship 2021"]
[Site "Katowice"]
[Date "2021.12.19"]
[Round "11.14"]
[White "Sanz Wawer, Daniel"]
[Black "Rozman, Monika"]
[Result "1-0"]
[WhiteElo "2371"]
[BlackElo "1998"]
[Annotator "NA"]
[PlyCount "92"]
[EventDate "2021.12.18"]
[EventType "swiss"]
[EventCountry "POL"]
[SourceTitle "playchess.com"]
[Source "ChessBase"]
[SourceQuality "1"]
[TimeControl "900+10"]

1. e4 {[%emt 0:00:02]} e5 {[%emt 0:00:01]} 2. Nf3 {[%emt 0:00:01]} Nc6 {
[%emt 0:00:01]} 3. Bb5 {[%emt 0:00:01]} a6 {[%emt 0:00:01]} 4. Ba4 {[%emt 0:00:
01]} Nf6 {[%emt 0:00:02]} 5. O-O {[%emt 0:00:02]} Be7 {[%emt 0:00:01]} 6. Re1 {
[%emt 0:00:03]} b5 {[%emt 0:00:01]} 7. Bb3 {[%emt 0:00:01]} d6 {[%emt 0:00:01]}
8. c3 {[%emt 0:00:05]} O-O {[%emt 0:00:02]} 9. h3 {[%emt 0:00:03]} Nb8 {
[%emt 0:00:01]} 10. d4 {[%emt 0:00:02]} Nbd7 {[%emt 0:00:01]} 11. Bc2 {[%emt 0:
00:25]} Bb7 {[%emt 0:00:11]} 12. Nbd2 {[%emt 0:00:04]} Re8 {[%emt 0:00:01]} 13.
Nf1 {[%emt 0:00:09]} Bf8 {[%emt 0:00:01]} 14. Ng3 {[%emt 0:00:02]} g6 {[%emt 0:
00:01]} 15. a4 {[%emt 0:00:14]} Bg7 {[%emt 0:00:02]} 16. d5 {[%emt 0:00:58]}
Qb8 {[%emt 0:00:09]} 17. Be3 {[%emt 0:00:20]} c6 {[%emt 0:00:26]} 18. dxc6 {
[%emt 0:00:26]} Bxc6 {[%emt 0:00:01]} 19. axb5 {[%emt 0:00:02]} axb5 {[%emt 0:
00:16]} 20. Qd2 {[%emt 0:00:02]} Nc5 {[%emt 0:00:44]} 21. Rxa8 {[%emt 0:00:32]}
Bxa8 {[%emt 0:00:06]} 22. Bh6 {[%emt 0:00:50]} Bc6 {[%emt 0:00:36]} 23. Bxg7 {
[%emt 0:01:13]} Kxg7 {[%emt 0:00:07]} 24. Nf5+ {[%emt 0:00:23]} gxf5 {[%emt 0:
03:59]} 25. Qg5+ {[%emt 0:00:04]} Kf8 {[%emt 0:00:01]} 26. Qxf6 {[%emt 0:00:05]
} Qc7 {[%emt 0:08:32]} 27. Ng5 {[%emt 0:01:14]} Kg8 {[%emt 0:02:11]} 28. exf5 {
[%emt 0:01:15]} Qe7 {[%emt 0:00:26]} 29. Qh6 {[%emt 0:00:40]} f6 {[%emt 0:00:
02]} 30. Ne4 {[%emt 0:01:00]} Nxe4 {[%emt 0:00:56]} 31. Bxe4 {[%emt 0:00:02]}
d5 {[%emt 0:00:01]} 32. Bc2 {[%emt 0:00:30]} Qg7 {[%emt 0:00:02]} 33. Qh4 {
[%emt 0:00:20]} Ra8 {[%emt 0:00:53]} 34. Re3 {[%emt 0:00:33]} Kh8 {[%emt 0:00:
01]} 35. Rg3 {[%emt 0:00:09]} Qe7 {[%emt 0:00:29]} 36. Rg6 {[%emt 0:00:03]} Rf8
{[%emt 0:00:02]} 37. Bb3 {[%emt 0:00:34]} e4 {[%emt 0:00:09]} 38. Qh6 {[%emt 0:
00:14]} b4 {[%emt 0:00:16]} 39. Rg3 {[%emt 0:01:59]} Ra8 {[%emt 0:00:01]} 40.
Qe3 {[%emt 0:00:18]} Qd6 {[%emt 0:00:35]} 41. Qd4 {[%emt 0:00:29]} bxc3 {
[%emt 0:00:01]} 42. bxc3 {[%emt 0:00:02]} Rb8 {[%emt 0:00:01]} 43. c4 {[%emt 0:
00:32]} Bd7 {[%emt 0:00:33]} 44. c5 {[%emt 0:01:09]} Qe7 {[%emt 0:00:07]} 45.
Qxd5 {[%emt 0:00:12]} Qf8 {[%emt 0:00:14]} 46. Qxd7 {[%emt 0:00:09]} Qh6 1-0

[Event "European Rapid Championship 2021"]
[Site "Katowice"]
[Date "2021.12.19"]
[Round "11.15"]
[White "Keinanen, Toivo"]
[Black "Solys, Laimutis"]
[Result "1-0"]
[WhiteElo "2341"]
[BlackElo "2300"]
[Annotator "NA"]
[PlyCount "113"]
[EventDate "2021.12.18"]
[EventType "swiss"]
[EventCountry "POL"]
[SourceTitle "playchess.com"]
[Source "ChessBase"]
[SourceQuality "1"]
[TimeControl "900+10"]

1. c4 {[%emt 0:00:18]} e6 {[%emt 0:00:03]} 2. g3 {[%emt 0:00:09]} d5 {[%emt 0:
00:22]} 3. Bg2 {[%emt 0:00:01]} a6 {[%emt 0:01:06]} 4. Qb3 {[%emt 0:03:31]} Nf6
{[%emt 0:01:20]} 5. d4 {[%emt 0:01:34]} Nc6 {[%emt 0:03:10]} 6. Nf3 {[%emt 0:
00:20]} dxc4 {[%emt 0:00:48]} 7. Qxc4 {[%emt 0:00:01]} Qd5 {[%emt 0:00:15]} 8.
Nbd2 {[%emt 0:02:05]} Bd6 {[%emt 0:01:46]} 9. O-O {[%emt 0:00:23]} O-O {
[%emt 0:00:16]} 10. Qd3 {[%emt 0:00:58]} Qb5 {[%emt 0:01:44]} 11. Nc4 {[%emt 0:
00:32]} Nb4 {[%emt 0:00:34]} 12. Qb3 {[%emt 0:00:19]} Nbd5 {[%emt 0:00:37]} 13.
Nfe5 {[%emt 0:01:24]} Rd8 {[%emt 0:01:20]} 14. Bg5 {[%emt 0:01:07]} Be7 {
[%emt 0:00:30]} 15. Rfd1 {[%emt 0:00:46]} h6 {[%emt 0:00:10]} 16. Bd2 {[%emt 0:
00:10]} Bd7 {[%emt 0:01:04]} 17. Nxd7 {[%emt 0:00:24]} Nxd7 {[%emt 0:00:12]}
18. Rac1 {[%emt 0:00:29]} Qxb3 {[%emt 0:00:51]} 19. axb3 {[%emt 0:00:00]} c6 {
[%emt 0:00:01]} 20. Na5 {[%emt 0:00:48]} Ra7 {[%emt 0:00:11]} 21. e4 {[%emt 0:
00:43]} Nb4 {[%emt 0:00:23]} 22. Be3 {[%emt 0:00:11]} c5 {[%emt 0:00:51]} 23.
dxc5 {[%emt 0:00:41]} Nc6 {[%emt 0:00:00]} 24. Nc4 {[%emt 0:01:05]} Raa8 {
[%emt 0:00:48]} 25. Nd6 {[%emt 0:00:15]} Rab8 {[%emt 0:00:08]} 26. f4 {[%emt 0:
00:16]} e5 {[%emt 0:00:02]} 27. Bf3 {[%emt 0:00:41]} Bf6 {[%emt 0:00:27]} 28.
Kg2 {[%emt 0:00:13]} Nf8 {[%emt 0:00:02]} 29. f5 {[%emt 0:00:15]} Bg5 {[%emt 0:
00:03]} 30. Kf2 {[%emt 0:00:09]} Bxe3+ {[%emt 0:00:03]} 31. Kxe3 {[%emt 0:00:
01]} Nd4 {[%emt 0:00:01]} 32. b4 {[%emt 0:00:17]} Nd7 {[%emt 0:00:02]} 33. Bh5
{[%emt 0:00:14]} Rf8 {[%emt 0:00:19]} 34. Rc3 {[%emt 0:00:08]} g6 {[%emt 0:00:
14]} 35. Bf3 {[%emt 0:00:15]} Nc6 {[%emt 0:00:26]} 36. Rc4 {[%emt 0:00:10]} Nf6
{[%emt 0:00:03]} 37. b5 {[%emt 0:00:10]} axb5 {[%emt 0:00:02]} 38. Nxb5 {
[%emt 0:00:01]} gxf5 39. exf5 {[%emt 0:00:00]} e4 {[%emt 0:00:13]} 40. Bxe4 {
[%emt 0:00:19]} Ne5 {[%emt 0:00:01]} 41. Rcd4 {[%emt 0:00:10]} Rfe8 {[%emt 0:
00:10]} 42. Nd6 {[%emt 0:00:05]} Neg4+ {[%emt 0:00:07]} 43. Kf4 {[%emt 0:00:14]
} Re7 {[%emt 0:00:06]} 44. b4 {[%emt 0:00:23]} Nf2 {[%emt 0:00:01]} 45. Re1 {
[%emt 0:00:11]} Nh3+ {[%emt 0:00:05]} 46. Ke3 {[%emt 0:00:03]} Ra8 {[%emt 0:00:
08]} 47. Kd2 {[%emt 0:00:15]} Ra2+ {[%emt 0:00:07]} 48. Kc3 {[%emt 0:00:04]}
Rxh2 {[%emt 0:00:09]} 49. Ra1 {[%emt 0:00:13]} Ng5 {[%emt 0:00:05]} 50. Bxb7 {
[%emt 0:00:05]} Nd7 {[%emt 0:00:29]} 51. Kc4 {[%emt 0:00:13]} Rb2 {[%emt 0:00:
43]} 52. Ra8+ {[%emt 0:00:10]} Kg7 {[%emt 0:00:02]} 53. Kb5 {[%emt 0:00:17]}
Re5 {[%emt 0:00:16]} 54. Ne8+ {[%emt 0:00:10]} Kf8 {[%emt 0:00:43]} 55. Rxd7 {
[%emt 0:00:01]} Rxe8 {[%emt 0:00:02]} 56. Rxe8+ {[%emt 0:00:06]} Kxe8 {[%emt 0:
00:01]} 57. Bc6 {[%emt 0:00:04]} 1-0

[Event "European Rapid Championship 2021"]
[Site "Katowice"]
[Date "2021.12.19"]
[Round "11.15"]
[White "Mikhaletz, Lubomir"]
[Black "Lis, Mateusz"]
[Result "1-0"]
[WhiteElo "2166"]
[BlackElo "1983"]
[Annotator "NA"]
[PlyCount "85"]
[EventDate "2021.12.18"]
[EventType "swiss"]
[EventCountry "POL"]
[SourceTitle "playchess.com"]
[Source "ChessBase"]
[SourceQuality "1"]
[TimeControl "900+10"]

1. e4 {[%emt 0:00:01]} c5 {[%emt 0:00:00]} 2. Nf3 {[%emt 0:00:01]} Nc6 {
[%emt 0:00:01]} 3. d4 {[%emt 0:00:01]} cxd4 {[%emt 0:00:01]} 4. Nxd4 {[%emt 0:
00:01]} e6 {[%emt 0:00:01]} 5. Nc3 {[%emt 0:00:12]} a6 {[%emt 0:00:01]} 6. Be3
{[%emt 0:00:31]} Qc7 {[%emt 0:00:02]} 7. Qf3 {[%emt 0:00:15]} Nf6 {[%emt 0:00:
13]} 8. a3 {[%emt 0:01:59]} Be7 {[%emt 0:00:22]} 9. Bd3 {[%emt 0:02:25]} Ne5 {
[%emt 0:00:25]} 10. Qh3 {[%emt 0:00:18]} Nxd3+ {[%emt 0:00:05]} 11. cxd3 {
[%emt 0:00:03]} d6 {[%emt 0:00:02]} 12. Qg3 {[%emt 0:00:18]} g6 {[%emt 0:00:33]
} 13. Rc1 {[%emt 0:00:23]} Qd8 {[%emt 0:00:21]} 14. f4 {[%emt 0:01:07]} Nxe4 {
[%emt 0:00:34]} 15. Nxe4 {[%emt 0:01:04]} Bh4 {[%emt 0:00:01]} 16. Nxd6+ {
[%emt 0:00:43]} Kf8 {[%emt 0:00:01]} 17. Nf3 {[%emt 0:00:09]} Bxg3+ {[%emt 0:
00:03]} 18. hxg3 {[%emt 0:00:01]} b6 {[%emt 0:02:43]} 19. Rc6 {[%emt 0:01:17]}
f6 {[%emt 0:02:22]} 20. Bxb6 {[%emt 0:00:32]} Qd7 {[%emt 0:02:37]} 21. Rc7 {
[%emt 0:00:05]} Qxd6 {[%emt 0:00:31]} 22. Bc5 {[%emt 0:00:02]} Qxc5 {[%emt 0:
00:00]} 23. Rxc5 {[%emt 0:00:01]} Ke7 {[%emt 0:00:05]} 24. Rc7+ {[%emt 0:01:34]
} Bd7 {[%emt 0:00:01]} 25. Kd2 {[%emt 0:00:38]} Kd6 {[%emt 0:00:08]} 26. Rhc1 {
[%emt 0:00:23]} Rhb8 {[%emt 0:00:08]} 27. b4 {[%emt 0:00:40]} a5 {[%emt 0:00:
09]} 28. R7c4 {[%emt 0:00:27]} axb4 {[%emt 0:00:11]} 29. Rd4+ {[%emt 0:00:18]}
Ke7 {[%emt 0:00:01]} 30. Rc7 {[%emt 0:00:06]} Rd8 {[%emt 0:00:13]} 31. axb4 {
[%emt 0:00:17]} Ra2+ {[%emt 0:00:02]} 32. Kc3 {[%emt 0:01:18]} Ke8 {[%emt 0:00:
33]} 33. g4 {[%emt 0:00:20]} Ba4 {[%emt 0:00:31]} 34. Rxd8+ {[%emt 0:00:11]}
Kxd8 {[%emt 0:00:01]} 35. Rxh7 {[%emt 0:00:03]} Rxg2 {[%emt 0:00:02]} 36. g5 {
[%emt 0:00:02]} fxg5 {[%emt 0:00:14]} 37. Nxg5 {[%emt 0:00:05]} Bd7 {[%emt 0:
00:09]} 38. Ne4 {[%emt 0:00:56]} Rg1 {[%emt 0:00:20]} 39. Nc5 {[%emt 0:00:04]}
Bc8 {[%emt 0:00:28]} 40. b5 Rb1 {[%emt 0:00:03]} 41. Kc4 {[%emt 0:00:35]} Rc1+
{[%emt 0:00:28]} 42. Kb4 {[%emt 0:00:05]} Rb1+ {[%emt 0:00:02]} 43. Ka5 {
[%emt 0:00:04]} 1-0

[Event "European Rapid Championship 2021"]
[Site "Katowice"]
[Date "2021.12.19"]
[Round "11.16"]
[White "Bogdanov, Ignat"]
[Black "Rudzinska, Michalina"]
[Result "1-0"]
[WhiteElo "2058"]
[BlackElo "1962"]
[Annotator "NA"]
[PlyCount "127"]
[EventDate "2021.12.18"]
[EventType "swiss"]
[EventCountry "POL"]
[SourceTitle "playchess.com"]
[Source "ChessBase"]
[SourceQuality "1"]
[TimeControl "900+10"]

1. d4 {[%emt 0:00:02]} Nf6 {[%emt 0:00:02]} 2. c4 {[%emt 0:00:01]} e6 {[%emt 0:
00:04]} 3. Nc3 {[%emt 0:00:04]} Bb4 {[%emt 0:00:02]} 4. Qc2 {[%emt 0:00:01]} c5
{[%emt 0:00:03]} 5. e3 {[%emt 0:00:45]} O-O {[%emt 0:00:19]} 6. Nf3 {[%emt 0:
00:03]} cxd4 {[%emt 0:00:07]} 7. exd4 {[%emt 0:00:12]} d5 {[%emt 0:00:04]} 8.
Bg5 {[%emt 0:00:13]} Nbd7 {[%emt 0:00:34]} 9. Bd3 {[%emt 0:01:00]} h6 {[%emt 0:
00:10]} 10. Bh4 {[%emt 0:00:40]} dxc4 {[%emt 0:00:11]} 11. Bxc4 {[%emt 0:00:04]
} Bxc3+ {[%emt 0:00:12]} 12. bxc3 {[%emt 0:00:29]} b6 {[%emt 0:00:05]} 13. O-O
{[%emt 0:01:20]} Bb7 {[%emt 0:00:03]} 14. Ne5 {[%emt 0:01:43]} Qc7 {[%emt 0:00:
37]} 15. Nxd7 {[%emt 0:00:33]} Nxd7 {[%emt 0:00:03]} 16. Bd3 {[%emt 0:00:20]}
Rac8 {[%emt 0:00:11]} 17. Rac1 {[%emt 0:00:24]} e5 {[%emt 0:01:19]} 18. Bg3 {
[%emt 0:01:59]} Qc6 {[%emt 0:05:40]} 19. f3 {[%emt 0:00:06]} b5 {[%emt 0:00:47]
} 20. Be4 {[%emt 0:00:38]} Qb6 {[%emt 0:00:03]} 21. Bxb7 {[%emt 0:00:49]} Qxb7
{[%emt 0:00:01]} 22. dxe5 {[%emt 0:00:14]} Nb6 {[%emt 0:00:32]} 23. Qf2 {
[%emt 0:02:15]} Na4 {[%emt 0:01:52]} 24. Qe3 {[%emt 0:00:40]} Qd5 {[%emt 0:00:
53]} 25. f4 {[%emt 0:01:27]} Qc5 {[%emt 0:00:45]} 26. Rf3 {[%emt 0:01:01]} b4 {
[%emt 0:01:18]} 27. Be1 {[%emt 0:00:56]} Rfd8 {[%emt 0:00:57]} 28. Qxc5 {
[%emt 0:00:18]} Rxc5 {[%emt 0:00:02]} 29. c4 {[%emt 0:00:01]} Rdc8 {[%emt 0:01:
01]} 30. Bxb4 {[%emt 0:00:09]} Rxc4 {[%emt 0:00:02]} 31. Rxc4 {[%emt 0:00:01]}
Rxc4 {[%emt 0:00:01]} 32. a3 {[%emt 0:00:38]} Nb6 {[%emt 0:00:07]} 33. g3 {
[%emt 0:00:38]} Nd5 {[%emt 0:00:36]} 34. Bd6 {[%emt 0:00:04]} a5 {[%emt 0:00:
11]} 35. Rd3 {[%emt 0:00:23]} Nc3 {[%emt 0:00:20]} 36. Kg2 {[%emt 0:00:22]} Nb5
{[%emt 0:00:38]} 37. Rd5 {[%emt 0:00:14]} Rc2+ {[%emt 0:00:05]} 38. Kh3 {
[%emt 0:00:11]} Nc3 {[%emt 0:00:49]} 39. Rc5 {[%emt 0:00:01]} Rc1 {[%emt 0:00:
39]} 40. Kg4 {[%emt 0:00:34]} a4 {[%emt 0:00:07]} 41. Kf5 {[%emt 0:00:11]} g6+
{[%emt 0:00:14]} 42. Kg4 {[%emt 0:00:00]} h5+ {[%emt 0:00:06]} 43. Kf3 {
[%emt 0:00:13]} Rf1+ {[%emt 0:00:02]} 44. Kg2 {[%emt 0:00:02]} Rc1 {[%emt 0:00:
06]} 45. Rc8+ {[%emt 0:00:03]} Kh7 {[%emt 0:00:04]} 46. Be7 {[%emt 0:00:18]}
Ne2 {[%emt 0:00:30]} 47. Rxc1 {[%emt 0:00:02]} Nxc1 {[%emt 0:00:01]} 48. Kf3 {
[%emt 0:00:01]} Nb3 {[%emt 0:00:21]} 49. Ke3 {[%emt 0:00:11]} Kg7 {[%emt 0:00:
05]} 50. Kd3 {[%emt 0:00:09]} Nc1+ {[%emt 0:00:16]} 51. Kc4 {[%emt 0:00:08]}
Nb3 {[%emt 0:00:07]} 52. Kb4 {[%emt 0:00:10]} Nd2 {[%emt 0:00:02]} 53. Kxa4 {
[%emt 0:00:11]} Nf1 {[%emt 0:00:03]} 54. Kb5 {[%emt 0:00:08]} Nxh2 {[%emt 0:00:
03]} 55. a4 {[%emt 0:00:02]} Nf1 {[%emt 0:00:04]} 56. Bh4 {[%emt 0:00:01]} g5 {
[%emt 0:00:10]} 57. fxg5 {[%emt 0:00:26]} Ne3 {[%emt 0:00:03]} 58. a5 {[%emt 0:
00:11]} Nd5 {[%emt 0:00:27]} 59. a6 {[%emt 0:00:34]} Nc7+ {[%emt 0:00:05]} 60.
Kb6 {[%emt 0:00:01]} Nxa6 {[%emt 0:00:01]} 61. Kxa6 {[%emt 0:00:01]} Kg6 {
[%emt 0:00:01]} 62. Kb6 {[%emt 0:00:01]} Kf5 {[%emt 0:00:01]} 63. Kc6 {[%emt 0:
00:01]} Kxe5 {[%emt 0:00:02]} 64. Kd7 {[%emt 0:00:01]} 1-0

[Event "European Rapid Championship 2021"]
[Site "Katowice"]
[Date "2021.12.19"]
[Round "11.16"]
[White "Kowalczyk, Mariusz"]
[Black "Kozak, Antoni"]
[Result "0-1"]
[WhiteElo "2047"]
[BlackElo "2356"]
[Annotator "NA"]
[PlyCount "66"]
[EventDate "2021.12.18"]
[EventType "swiss"]
[EventCountry "POL"]
[SourceTitle "playchess.com"]
[Source "ChessBase"]
[SourceQuality "1"]
[TimeControl "900+10"]

1. Nf3 {[%emt 0:00:16]} d5 {[%emt 0:00:11]} 2. g3 {[%emt 0:00:11]} Nf6 {
[%emt 0:01:06]} 3. Bg2 {[%emt 0:00:03]} Bf5 {[%emt 0:00:17]} 4. d4 {[%emt 0:00:
33]} c6 {[%emt 0:00:13]} 5. c4 {[%emt 0:00:47]} e6 {[%emt 0:00:02]} 6. O-O {
[%emt 0:00:11]} Be7 {[%emt 0:00:11]} 7. Qb3 {[%emt 0:01:01]} Qb6 {[%emt 0:00:
08]} 8. Nc3 {[%emt 0:00:24]} Nbd7 {[%emt 0:00:07]} 9. Bf4 {[%emt 0:00:45]} h6 {
[%emt 0:00:29]} 10. c5 {[%emt 0:00:57]} Qa6 {[%emt 0:00:01]} 11. Ne5 {[%emt 0:
01:27]} Nxe5 {[%emt 0:01:07]} 12. Bxe5 {[%emt 0:00:11]} O-O {[%emt 0:00:02]}
13. Rfe1 {[%emt 0:00:30]} b6 {[%emt 0:02:18]} 14. e4 {[%emt 0:02:50]} dxe4 {
[%emt 0:00:12]} 15. Nxe4 {[%emt 0:00:02]} Bxe4 {[%emt 0:03:55]} 16. Bxe4 {
[%emt 0:00:06]} bxc5 {[%emt 0:00:02]} 17. dxc5 {[%emt 0:00:53]} Nd7 {[%emt 0:
00:44]} 18. Bc2 {[%emt 0:05:57]} Nxe5 {[%emt 0:01:17]} 19. Rxe5 {[%emt 0:00:16]
} Rab8 {[%emt 0:00:23]} 20. Qf3 {[%emt 0:00:48]} Bf6 {[%emt 0:00:32]} 21. Re2 {
[%emt 0:00:08]} Rxb2 {[%emt 0:00:11]} 22. Bd3 {[%emt 0:00:22]} Qa5 {[%emt 0:01:
54]} 23. Rxb2 {[%emt 0:00:02]} Bxb2 24. Rb1 {[%emt 0:00:00]} Bd4 {[%emt 0:01:
50]} 25. Qe4 {[%emt 0:00:12]} Rd8 {[%emt 0:00:01]} 26. Qh7+ {[%emt 0:00:22]}
Kf8 {[%emt 0:00:01]} 27. Rb7 {[%emt 0:00:01]} Qe1+ {[%emt 0:00:57]} 28. Kg2 {
[%emt 0:00:01]} Qxf2+ {[%emt 0:00:01]} 29. Kh3 {[%emt 0:00:01]} g6 {[%emt 0:00:
01]} 30. Bxg6 {[%emt 0:00:25]} Qf1+ {[%emt 0:00:01]} 31. Kg4 {[%emt 0:00:21]}
f5+ {[%emt 0:00:01]} 32. Kh4 {[%emt 0:00:07]} Bf6+ {[%emt 0:00:01]} 33. Kh5 {
[%emt 0:00:07]} Qh3# {[%emt 0:00:15]} 0-1

[Event "European Rapid Championship 2021"]
[Site "Katowice"]
[Date "2021.12.19"]
[Round "11.17"]
[White "Cukrowski, Filip"]
[Black "Demchenko, Anton"]
[Result "1/2-1/2"]
[WhiteElo "2373"]
[BlackElo "2666"]
[Annotator "TA"]
[PlyCount "250"]
[EventDate "2021.12.18"]
[EventType "swiss"]
[EventCountry "POL"]
[SourceTitle "playchess.com"]
[Source "ChessBase"]
[SourceQuality "1"]

{[%evp 10,250,39,37,50,34,63,47,44,22,40,41,50,48,47,44,60,58,72,64,62,54,66,
54,125,14,70,0,17,0,0,0,0,-18,-22,-41,-38,-39,-47,-30,-30,-30,-30,-32,-29,-29,
0,-29,-29,-29,-29,-29,-29,-29,-29,-29,-29,-29,-29,-29,-29,-29,-29,-29,-29,-29,
-29,-29,-29,-29,-29,-29,-29,-29,-29,-29,-29,-29,-16,-29,-29,-29,-29,-29,-29,
-29,-14,-29,-29,-29,0,0,0,0,0,-29,-16,-29,-29,-29,0,-10,-2,-2,-2,-7,-10,-10,-8,
-17,-17,-17,-17,-17,0,-17,-17,-17,0,-33,0,0,0,-17,-17,-33,0,-5,0,-8,0,-33,0,0,
0,0,0,0,0,-1,0,-1,0,0,0,-1,0,0,0,-1,0,0,0,0,0,0,0,0,0,-26,-26,-26,0,-26,0,-26,
-26,-26,0,-26,0,0,0,-8,0,0,0,0,0,0,0,-18,0,-18,0,-19,0,0,0,-8,0,0,0,0,0,0,0,0,
0,0,0,0,0,0,0,0,0,0,0,0,0,0,0,0,0,0,0,0,0,0,0,0,0,0,0,0,0,0,0,0,0,0,0,0,0,0,0,
0,0,-8,-8,-8,-8]} 1. d4 Nf6 2. c4 g6 3. Nc3 Bg7 4. e4 d6 5. Nf3 Bg4 6. Be2 (6.
Be3 {is more complex.} O-O 7. Be2 Nfd7 8. O-O Nc6 9. Qd2) 6... Bxf3 {[#] E90:
King's Indian: Classical: Early deviations and 6 h3.} 7. gxf3 $146 ({
Predecessor:} 7. Bxf3 e5 8. d5 h5 9. b3 Nbd7 10. O-O Bh6 11. Bb2 h4 12. b4 Kf8
13. c5 Kg7 14. Nb5 a6 15. Na3 {½-½ (49) Ivanisevic,I (2604)-Dubov,D (2699)
Chess.com INT 2020}) 7... e5 8. dxe5 dxe5 {White is slightly better.} 9. Qxd8+
Kxd8 10. f4 Nfd7 11. fxe5 Bxe5 12. Bd2 c6 13. f4 Bd4 14. O-O-O Kc7 15. Bf3 Re8
16. Ne2 Bg7 {[#]} (16... Bc5 $14) 17. Bb4 (17. Ba5+ $1 $16 b6 18. Bc3 Bxc3 19.
Nxc3) 17... Bf8 (17... a5 $1 $11 18. Bd6+ Kb6) 18. Bc3 {White is much more
active. Black has bad knights.} (18. Ba5+ $14 Nb6 19. h4) 18... Na6 {[%cal
Bb8a6,Ba6c5,Bc5d7][%mdl 32]} 19. Bg4 {A strong pair of Bishops.} Rad8 20. e5
Ndc5 {[%cal Bd7c5,Bc5e4,Be4c3][%mdl 32]} 21. Kc2 {Inhibits Nd3.} Ne4 $1 22. Bf3
Nxc3 23. bxc3 Nc5 24. h4 Rxd1 25. Rxd1 h5 26. Rg1 Nd7 27. Nd4 {[%cal Oe5e6]}
Nc5 {To avoid e6} 28. f5 {[%cal Oe5e6]} Rxe5 29. fxg6 fxg6 30. Rxg6 Be7 31. Rh6
Bxh4 32. Rxh5 Bg5 33. Bd1 {[#] And now Nf3 would win.} Bf6 34. Rxe5 Bxe5 $11 {
[%mdl 4096] Endgame KBN-KBN} 35. Bf3 Kb6 36. Bg2 Nd7 37. Ne6 Ka5 38. Kb3 Bf6
39. Be4 Be7 40. Bf5 Kb6 41. Kc2 Ne5 42. Kb3 Nf3 43. Kc2 {Prevents Nd2.} Bd6 44.
Be4 Ne5 45. Kb3 a6 46. Bf5 Be7 47. Be4 Ng4 48. Kc2 Ka5 49. Nd4 {[%cal Oe4c6]}
Bf6 50. Nb3+ Kb6 51. Bf3 Ne5 {[%csl LRc4,LRf3]} 52. Be2 Kc7 53. Nc5 Be7 54. Ne4
Ng6 55. Bg4 Kb6 56. Be6 Nf4 57. Bd7 Kc7 58. Bg4 Ng2 {White must now prevent ...
Ne3+.} 59. Bh3 Ne1+ 60. Kd2 Nf3+ 61. Kc2 Bf8 62. Bg4 Ne5 {[%csl LRc4,LRg4]} 63.
Be6 Kd8 64. Kb3 Bh6 65. Bf5 Be3 66. Bh3 Nd3 67. Kc2 Nf4 68. Bg4 Kc7 69. Bf5 Bg1
70. Kb3 Ng2 71. Bh3 Ne3 72. Be6 Bh2 73. Bh3 Be5 74. Be6 Kb6 75. Bc8 Ng2 76. Bh3
Nf4 77. Bc8 Ng6 78. Bf5 Ne7 79. Be6 Kc7 80. Bh3 Bh2 81. Bg4 Bg1 82. Be6 Kb6 83.
Bh3 Ng6 84. Bf5 Ne5 85. Bc8 Be3 86. Bh3 Kc7 87. Be6 Nd3 88. Kc2 Ne1+ 89. Kb3 (
89. Kd1 $5 {[%cal Rd1e1]} Ng2 90. c5 $11) 89... Bh6 90. Bh3 {The position is
equal.} Nd3 91. Kc2 Nc1 92. Kb2 Nd3+ 93. Kc2 Ne5 94. Kb3 Bf8 95. Be6 (95. Ng5
$5 {[%cal Rg5e6]} Kb6 $15) 95... Be7 96. Bh3 Bf8 97. Be6 Kb6 98. Bc8 Be7 99.
Be6 Ka5 100. c5 Nd3 101. Bc8 (101. Kc4 $5 {[%cal Rc4d3]} Ne5+ 102. Kd4 Nf3+
103. Kd3 $11) 101... b6 102. cxb6 Kxb6 103. Be6 Nf4 104. Bc4 Bf8 105. Kc2 Ng6
106. Bf1 Ne5 107. Be2 Bg7 108. Bf1 Ng6 109. Be2 Nf4 110. Bc4 a5 111. a4 Ng2
112. Be2 Ne3+ 113. Kb3 Nd5 114. Bc4 Ne3 115. Be2 Kc7 116. Bf3 Nd5 117. Nc5 Bf6
118. Bxd5 cxd5 {KB-KN} 119. Kc2 $1 Kc6 120. Nb3 Kb6 121. Kd3 Be5 122. c4 $1
dxc4+ 123. Kxc4 Bf6 124. Nxa5 Kxa5 125. Kd5 Kxa4 {Weighted Error Value:
White=0.09 (flawless) /Black=0.08 (flawless)} 1/2-1/2